000 00828nam a2200253 a 4500
001 13362
003 BD-JhCC
005 20230910081217.0
008 230909b2016 bg |||| ||a| 000 0 ben d
020 _a9789843315942
035 _a(BD-JhCC)13362
040 _aBD-JhCC
_dBD-JhCC
041 _abengali
082 _a155.4182
_bMEH 2016
100 _a মেহেদি,হাসানুজ্জামান
245 _aবানরগুলোর গল্প /
_cহাসানুজ্জামান মেহেদি ।
260 _aঢাকা:
_bদারুল হুদা কুতুবখানা;
_c2016.
300 _a24 p. :
_c22cm.
490 _aআল-কুরআনের কাহিনী-০৪
650 _aMoral education
650 _aMoral Story
942 _2ddc
_cBK
999 _c13362
_d13362